000 01522cam a22003737a 4500
003 CHAP
005 20250704133056.0
008 020125d2001 mx abd r 00011 spa d
010 _a85222
011 _a86194
035 _a96732
040 _cCHAP
090 _aTesis
100 1 0 _aZavala Hernández, Roberto
_9123788
245 1 0 _aEstudio previo de factibilidad técnico económico para sustituir el equipo de una empacadora de limón mexicano (Citrus aurantifolia (Christ) Swingle) por equipo para limón persa (Citrus latifolia Tan), ubicada en el municipio de Acapulco Gro.
_c/por Roberto Zavala Hernández
260 _aChapingo, Méx. :
_bEl autor,
_c2001.
300 _a181 h. :
_bilus. ; grafs. ; mapas ;
502 _aTesis (Ing. Agroindustrial) -- UACH. Departamento de Ingeniería Agroindustrial
590 _aALEPH
_b10
_c20130110
_lUCH01
_h1445
590 _aBATCH-UPD
_b10
_c20130110
_lUCH01
_h0723
590 _aBATCH-UPD
_b10
_c20130410
_lUCH01
_h0407
590 _aBATCH-UPD
_b10
_c20130914
_lUCH01
_h1328
590 _aCONVERSION
_b10
_c20130109
_lUCH01
_h1347
650 1 4 _aEstudios de factibilidad.
_938520
650 1 4 _aLimón persa.
_966865
650 1 4 _aLimón
_xAspectos económicos.
_966815
650 1 4 _aLimón
_xEmpaque.
_966824
650 1 4 _aLimón
_xGuerrero.
_966832
901 _aBK
905 _aMarco A. Mendoza T.
942 _cFOLL
949 _aTesis
_bBC
_cTES
_d33724000860557
_eTS2
_fc.2
_gDonaciØn
_h38996
_i96732
_si
949 _aTesis
_bBC
_cTES
_d967321
_eTS1
_gDonaciØn
_h38995
_i96732
_sb
999 _c85222
_d85222